000 00248nam a22000977a 4500
082 _a355 MT MEN'T
245 _aMENTLY TRAINING AND CARE OF PSCHOLIGICAL WAR
260 _aRAWALPINDI
_bPSHCHOLIGICAL OPS DTE
_c1980
300 _a418P
942 _cBK
_2ddc
999 _c581112
_d581112